Culture Générale - Série 827 - Statistiques

Statistiques générales
  • Ce quiz a été pris 145 fois
  • Le résultat moyen est 7 sur 10
Statistiques - réponses
Question Réponse % Correct
Quel pays a la plus grande superficie au monde ? Russie
98%
Quel célèbre paquebot britannique a coulé dans la nuit du 14 au 15 avril 1912 après avoir heurté un iceberg ? Titanic
98%
Comment nomme-t-on l'allure naturelle la plus rapide, du cheval ? galop
95%
Quel nom désigne à la fois : un employé de restaurant, un tennisman qui met la balle en jeu ou un système informatique ? serveur
86%
Dans quel pays le Danube traverse-t-il les villes de Linz et de Melk ? Autriche
77%
Sous quel pseudonyme, signifiant "myrtille" en anglais, est connu le lieutenant Mike Steve Donovan de la BD western de Jean Giraud ? Blueberry
58%
Quel terme, signifiant "schtroumpf" en anglais, désigne en France une variété de danse hip-hop ? smurf
47%
A la fin des années 60, Christian Barbier conduisait une péniche dans la série télévisée "L'Homme du... Picardie
39%
Sur Canal +, Marc Toesca commençait inlassablement la présentation du Top 50 par la formule : "Salut les p'tits... clous
38%
Dans la série télévisée "Les Mystères de l'Ouest", quel agent secret était incarné par Robert Conrad ? James West
24%
Aucun quiz correspondant
Distribution des résultats
% des personnes avec chaque résultat
Percentile par nombre de réponses
Votre historique - résultats
Vous n’avez pas pris ce quiz